[Event "Chigorin Memorial 22nd"]
[Site "St Petersburg"]
[Date "2014.10.20"]
[Round "3"]
[White "Smirnov, Mikhail"]
[Black "Gogin, Artem"]
[Result "1-0"]
[WhiteElo "2147"]
[BlackElo "1815"]
[PlyCount "79"]
[EventDate "2014.10.18"]
[EventType "swiss"]
[EventRounds "9"]
[EventCountry "RUS"]
[SourceTitle "EXT 2015"]
[Source "ChessBase"]
[SourceDate "2014.11.20"]
[SourceVersion "1"]
[SourceVersionDate "2014.11.20"]
[SourceQuality "1"]

1. Nf3 d5 2. g3 g6 3. Bg2 Bg7 4. 0-0 c6 5. c4 Nf6 6. d4 0-0 7. cxd5 cxd5 8. Ne5 Nc6 9. Nxc6 bxc6 10. Nc3 Bf5 11. Bf4 Nd7 12. Na4 e5 13. dxe5 Nxe5 14. Rc1 Rc8 15. b3 Ng4 16. Qd2 Nf6 17. Nc5 Qb6 18. Be3 Rfd8 19. Bd4 Qc7 20. Qb2 Qe7 21. Rfe1 Ne8 22. Bxg7 Nxg7 23. e4 Be6 24. b4 Rb8 25. exd5 cxd5 26. Na6 Rb6 27. b5 Ne8 28. a4 Qf6 29. Qb4 Nd6 30. Red1 Nc4 31. Qc5 Rbd6 32. Nb4 Nb6 33. a5 Na4 34. Qd4 Qxd4 35. Rxd4 Nb2 36. Rc7 Re8 37. h3 Bd7 38. Bxd5 Re1+ 39. Kg2 Kg7 40. Rf4 1-0